Možnosti použití kyslíko-palivových hořáků firmy LINDE ve slévárenství

Podrobná bibliografia
Hlavný autor: Žilka, Vladimír (Author)
Médium: Článok
Jazyk:Czech
Témy:
Zdroj: 1. Slévárenství 1. 0037-6825 1. Roč. 45, č. 8-9(1997), s. 322-323
LEADER 00839nab#a2200289#ar4500
001 000028921
003 SVKKK
005 00000000000000.0
008 c xo e czeo
FMT
038 |a SVKKK 
040 |a SVKKK  |b slo  |e AACR2 
041 0 |a cze 
044 |a xo  |c SK 
080 |a 662.959.2/.  |2 1981 
100 1 |a Žilka, Vladimír  |4 aut 
245 1 0 |a Možnosti použití kyslíko-palivových hořáků firmy LINDE ve slévárenství  |c Žilka Vladimír, 
300 |b Fotogr. 2, gr. 1, tab. 1 
650 0 4 |a horáky kyslíko-palivové  |z Linde Technoplyn, a.s., Brno  |x výrobca  |x využitie  |x štúdie 
650 0 4 |a zlievarenstvo 
773 0 |t Slévárenství  |x 0037-6825  |g Roč. 45, č. 8-9(1997), s. 322-323 
957 |a Brno 
974 |d 981104  |a Šá 
992 |a RBX 
BAS
852 |a SVKKK  |b BIB 
998 |a HUT